Propuesta de reordenamiento ambiental preliminar de la Comarca Sabana Grande distrito VII, Managua

Elabora una propuesta de ordenamiento ambiental preliminar de la comarca, se caracteriza y diagnóstico el asentamiento en cuanto a su localización y estado actual de los distintos componentes ambientales del sitio, finalmente se elabora una serie de programas y proyectos.

Bibliographic Details
Main Author: Fitoria Escobar, Cynthia
Other Authors: Tutor: Gómez Ortega, Graciela Dionides
Format: Tesis Section = Libro
Language:Undetermined
Spanish
Published: Managua UNI 2013
Subjects:
LEADER 01184nam a2200241Ia 4500
008 240830s9999 xx 000 0 und d
040 |a BIBLIOTECA-RUSB/ T.Mon 711 F546 
041 |a spa 
082 |a T.Mon 711 F546 
100 1 |a Fitoria Escobar, Cynthia 
245 1 0 |a Propuesta de reordenamiento ambiental preliminar de la Comarca Sabana Grande distrito VII, Managua 
260 |a Managua  |b UNI  |c 2013 
300 |a 145 p. :il. 
502 |a Tesis (Arquitecto) - UNI, 2013. 
520 3 |a Elabora una propuesta de ordenamiento ambiental preliminar de la comarca, se caracteriza y diagnóstico el asentamiento en cuanto a su localización y estado actual de los distintos componentes ambientales del sitio, finalmente se elabora una serie de programas y proyectos. 
650 7 |a URBANISMO - PLANIFICACION TERRITORIAL - SABANA GRANDE DISTRITO VII MANAGUA 
650 7 |b  ASENTAMIENTO HUMANO - ASENTAMIENTO RURAL - CALIDAD DE VIDA - ECOLOGIA HUMANA 
650 7 |c  DESARROLLO SOSTENIBLE - PROGRAMAS - PROYECTOS MUNICIPALES 
650 7 |d  GESTIÓN MEDIO AMBIENTAL - MEDIO AMBIENTE 
700 1 |a Tutor:  |b Gómez Ortega, Graciela Dionides 
942 |c BK  |2 ddc 
991 |a TESIS 
999 |c 21957